GOODBYE SHAHZADI A POLITICAL BIOGRAPHY O (Record no. 14122)

MARC details
000 -LEADER
fixed length control field 00348nam a2200133Ia 4500
008 - FIXED-LENGTH DATA ELEMENTS--GENERAL INFORMATION
fixed length control field 240624s9999 xx 000 0 und d
041 ## - LANGUAGE CODE
Language code of text/sound track or separate title eng
082 ## - DEWEY DECIMAL CLASSIFICATION NUMBER
Classification number 920 BHA
100 ## - MAIN ENTRY--PERSONAL NAME
Personal name BHATIA SHYAM
245 ## - TITLE STATEMENT
Title GOODBYE SHAHZADI A POLITICAL BIOGRAPHY O
260 ## - PUBLICATION, DISTRIBUTION, ETC.
Date of publication, distribution, etc. 2008
Place of publication, distribution, etc. New Delhi
Name of publisher, distributor, etc. Roli Books
300 ## - PHYSICAL DESCRIPTION
Extent xiv, : 130 : p. : cm. ; 22
365 ## - TRADE PRICE
Currency code RS
Price amount 20
Holdings
Withdrawn status Lost status Damaged status Not for loan Home library Current library Shelving location Date acquired Source of acquisition Cost, normal purchase price Total Holds Full call number Barcode Date last seen Copy number Price effective from Koha item type
        IMTN IMTN Rack 43-B 12/16/2009 WBD 295.00 719 920 BHA 14122 06/24/2024 1 06/24/2024 Books
Designed & Maintained by: LRC IMT Nagpur Contact: lrc@imtnag.ac.in© 2024. All Rights Reserved.